000 00618nam a2200253Ia 4500
008 210210b2007 xxu||||| |||| 00| 0 eng d
020 _a8188685038
041 _aeng
082 _a307.72 GURR
100 _aGURULINGAIAH (M)
245 _aRural development programmes in India
_bProblems and awareness
260 _aMangalore
_bMangala Publications.
_c2007
300 _aviii,88
650 _aRural
650 _aprogrammes
650 _aProblems
650 _aIndia
650 _ain
650 _adevelopment
650 _aawareness
650 _aand
690 _aRural Sociology
906 _a062074
999 _c116779
_d116779